000 00547nam a22001817a 4500
008 170612b xxu||||| |||| 00| p tur d
020 _a975363370X
041 _atur
050 _aPL248.A62
100 _aOktay, Ahmet
_9228
245 _aToplu Şiirler (1963-1996)
250 _a2. baskı
260 _aİstanbul
_bYapı Kredi Yayınları
_cNisan 2002
300 _a427 sayfa
500 _aYapı Kredi Yayınları: 464; Şiir: 36 Aynı eserin 1. baskısı da kütüphanemizde mevcuttur.
650 0 _9145
_aTürk Edebiyatı
942 _2lcc
_cBK
999 _c1246
_d1224